[Event "ITA-chT A1 34th"]
[Site "Italy"]
[Date "2004.03.06"]
[Round "1"]
[White "Bellini, Fabio"]
[Black "Pernigotti, Carlo"]
[Result "1-0"]
[WhiteElo "2503"]
[BlackElo "2201"]
[PlyCount "69"]
[EventDate "2004.03.06"]
[EventType "team"]
[EventRounds "5"]
[EventCountry "ITA"]
[SourceTitle "EXT 2007"]
[Source "ChessBase"]
[SourceDate "2006.11.23"]
[SourceVersion "1"]
[SourceVersionDate "2006.11.23"]
[SourceQuality "1"]

1. e4 c5 2. Nf3 e6 3. b3 Nf6 4. e5 Nd5 5. Bb2 Nc6 6. c4 Nb6 7. Nc3 d5 8. exd6 Bxd6 9. d4 cxd4 10. Nxd4 Nxd4 11. Qxd4 e5 12. Qd2 Qe7 13. Rd1 Bc5 14. a3 e4 15. Qf4 e3 16. f3 a5 17. Ne4 0-0 18. Nxc5 Qxc5 19. Qd4 Qxd4 20. Bxd4 Nd7 21. Bxe3 Re8 22. Kf2 Ne5 23. Bf4 Bf5 24. Rd5 f6 25. Bxe5 Rxe5 26. Rxe5 fxe5 27. Be2 Kf7 28. Rd1 Be6 29. Rd6 a4 30. b4 Rc8 31. c5 Rc6 32. Rxc6 bxc6 33. Bd3 h6 34. Ke3 Ke7 35. Bc2 1-0

[Event "Imperia op-A 43rd"]
[Site "Imperia"]
[Date "2001.09.08"]
[Round "8"]
[White "Pernigotti, Carlo"]
[Black "Stoppa, Omar"]
[Result "1-0"]
[WhiteElo "2156"]
[BlackElo "2218"]
[PlyCount "125"]
[EventDate "2001.09.02"]
[EventType "swiss"]
[EventRounds "9"]
[EventCountry "ITA"]
[SourceTitle "EXT 2024"]
[Source "ChessBase"]
[SourceDate "2023.10.10"]
[SourceVersion "1"]
[SourceVersionDate "2023.10.10"]
[SourceQuality "1"]

1. e4 c6 2. d4 d5 3. Nd2 dxe4 4. Nxe4 Bf5 5. Ng3 Bg6 6. h4 h6 7. Nf3 Nd7 8. h5 Bh7 9. Bd3 Bxd3 10. Qxd3 Ngf6 11. Bd2 e6 12. 0-0-0 Bd6 13. Ne4 Nxe4 14. Qxe4 Nf6 15. Qe2 Qc7 16. c4 Bf4 17. Ne5 Bxd2+ 18. Rxd2 0-0-0 19. Rhd1 Rhf8 20. f4 Kb8 21. g3 Qa5 22. a3 Nd7 23. Kb1 Nxe5 24. fxe5 Qa4 25. Rc1 Rd7 26. Qg4 Rg8 27. Rd3 c5 28. Qe4 cxd4 29. Rxd4 Rxd4 30. Qxd4 Qc6 31. Rf1 Qc7 32. Qd6 Qxd6 33. exd6 Rf8 34. c5 Kc8 35. b4 a6 36. Kc2 Kd7 37. Kc3 e5 38. Kc4 Kc6 39. a4 b5+ 40. cxb6 Kxd6 41. b5 a5 42. Rd1+ Ke6 43. b7 Rb8 44. Kc5 Rxb7 45. Kc6 Rb8 46. Kc7 Re8 47. b6 e4 48. b7 e3 49. b8Q Rxb8 50. Kxb8 Ke5 51. Kb7 Ke4 52. Rd7 f5 53. Rxg7 e2 54. Re7+ Kd3 55. Kb6 Kd2 56. Kxa5 e1Q 57. Rxe1 Kxe1 58. Kb4 Kf2 59. a5 Kxg3 60. a6 f4 61. a7 f3 62. a8Q Kf2 63. Qe4 1-0

[Event "Imperia op-A 43rd"]
[Site "Imperia"]
[Date "2001.09.04"]
[Round "3"]
[White "Krouzel, Jaroslav"]
[Black "Pernigotti, Carlo"]
[Result "0-1"]
[WhiteElo "2215"]
[BlackElo "2156"]
[PlyCount "64"]
[EventDate "2001.09.02"]
[EventType "swiss"]
[EventRounds "9"]
[EventCountry "ITA"]
[SourceTitle "EXT 2024"]
[Source "ChessBase"]
[SourceDate "2023.10.10"]
[SourceVersion "1"]
[SourceVersionDate "2023.10.10"]
[SourceQuality "1"]

1. d4 d5 2. Nf3 Nf6 3. e3 c5 4. c3 e6 5. Bd3 Nc6 6. 0-0 Qc7 7. Nbd2 Be7 8. dxc5 Bxc5 9. e4 0-0 10. Qe2 Be7 11. e5 Nd7 12. Re1 f6 13. exf6 Nxf6 14. Nb3 e5 15. Nxe5 Nxe5 16. Qxe5 Bd6 17. Qd4 Bxh2+ 18. Kh1 Bd6 19. Bg5 Bd7 20. Qh4 h6 21. Be3 Ne4 22. Qh5 Rf5 23. Qg6 Raf8 24. Bxe4 dxe4 25. Bd4 Rg5 26. Qxe4 Rh5+ 27. Kg1 Bh2+ 28. Kf1 Bb5+ 29. Re2 Be5 30. g3 Bxe2+ 31. Kxe2 Bxd4 32. Nxd4 Re5 0-1

[Event "Imperia op-A 43rd"]
[Site "Imperia"]
[Date "2001.09.03"]
[Round "2"]
[White "Pernigotti, Carlo"]
[Black "Svacina, Petr"]
[Result "1-0"]
[WhiteElo "2156"]
[BlackElo "2056"]
[PlyCount "53"]
[EventDate "2001.09.02"]
[EventType "swiss"]
[EventRounds "9"]
[EventCountry "ITA"]
[SourceTitle "EXT 2024"]
[Source "ChessBase"]
[SourceDate "2023.10.10"]
[SourceVersion "1"]
[SourceVersionDate "2023.10.10"]
[SourceQuality "1"]

1. e4 e5 2. Nf3 Nc6 3. d4 exd4 4. Nxd4 Bc5 5. Nxc6 Qf6 6. Qd2 Qxc6 7. Bd3 b6 8. 0-0 Bb7 9. c4 0-0-0 10. Nc3 Bb4 11. a3 Bxc3 12. Qxc3 Nf6 13. f3 Qc5+ 14. Rf2 d6 15. Qc2 Nd7 16. b4 Qh5 17. Be3 Rde8 18. Bd4 Ne5 19. Be2 Nc6 20. Bb2 Qg6 21. Qa4 Kb8 22. c5 dxc5 23. bxc5 Rd8 24. Rc1 Rhg8 25. Bb5 Na5 26. Be5 Ka8 27. c6 1-0

[Event "Valle d'Aosta op 9th"]
[Site "Saint Vincent"]
[Date "2001.02.03"]
[Round "1"]
[White "Jakovenko, Dmitrij"]
[Black "Pernigotti, Carlo"]
[Result "1-0"]
[WhiteElo "2523"]
[BlackElo "2153"]
[PlyCount "51"]
[EventDate "2001.02.03"]
[EventType "swiss"]
[EventRounds "9"]
[EventCountry "ITA"]
[SourceTitle "CBM 080 Extra"]
[Source "ChessBase"]
[SourceDate "2001.03.08"]
[SourceVersion "1"]
[SourceVersionDate "2001.03.08"]
[SourceQuality "1"]

1. e4 e6 2. d4 d5 3. Nc3 Nf6 4. Bg5 Be7 5. e5 Nfd7 6. Bxe7 Qxe7 7. f4 a6 8. Nf3 b6 9. Qd2 c5 10. Nd1 Nc6 11. c3 Bb7 12. Bd3 Rc8 13. 0-0 g6 14. Ne3 cxd4 15. Nxd4 b5 16. Rae1 Qc5 17. Bb1 b4 18. Kh1 bxc3 19. bxc3 Nxd4 20. cxd4 Qc3 21. Qd1 0-0 22. f5 exf5 23. Nxf5 Rc4 24. Re3 Qa5 25. Rh3 Qd8 26. Qd2 1-0

[Event "Genova op1"]
[Site "Genova"]
[Date "2001.??.??"]
[Round "3"]
[White "Pernigotti, Carlo"]
[Black "Astengo, Marcello"]
[Result "1-0"]
[WhiteElo "2153"]
[BlackElo "2001"]
[PlyCount "71"]
[EventDate "2001.??.19"]
[EventType "swiss"]
[EventRounds "9"]
[EventCountry "ITA"]
[SourceTitle "EXT 2002"]
[Source "ChessBase"]
[SourceDate "2001.11.25"]
[SourceVersion "1"]
[SourceVersionDate "2001.11.25"]
[SourceQuality "1"]

1. e4 e6 2. d4 d5 3. Nd2 Nf6 4. e5 Nfd7 5. Bd3 c5 6. c3 Nc6 7. Ne2 Qb6 8. Nf3 cxd4 9. cxd4 f6 10. exf6 Nxf6 11. 0-0 Bd6 12. Bd2 0-0 13. Bc3 Bd7 14. Ng3 Rae8 15. Ne5 g6 16. Kh1 Nb4 17. Bb1 Bb5 18. Re1 Nc6 19. f4 Kg7 20. a3 a5 21. Bc2 Re7 22. h3 Ng8 23. Qg4 Bxe5 24. fxe5 Rf2 25. Rac1 Nh6 26. Qg5 Nf7 27. Qe3 Rxc2 28. Rxc2 h6 29. Qf4 Ng5 30. h4 Nh7 31. Rf2 Nd8 32. Qg4 Be8 33. Bd2 g5 34. hxg5 hxg5 35. Bxg5 Nxg5 36. Qxg5+ 1-0

[Event "Arco op 22nd"]
[Site "Arco"]
[Date "2000.??.??"]
[Round "4"]
[White "Dickhoff, Ronald"]
[Black "Pernigotti, Carlo"]
[Result "1-0"]
[WhiteElo "2273"]
[BlackElo "2203"]
[PlyCount "85"]
[EventDate "2000.10.??"]
[EventType "swiss"]
[EventRounds "9"]
[EventCountry "ITA"]
[SourceTitle "EXT 2001"]
[Source "ChessBase"]
[SourceDate "2000.11.22"]
[SourceVersion "1"]
[SourceVersionDate "2000.11.22"]
[SourceQuality "1"]

1. Nf3 f5 2. d4 Nf6 3. g3 g6 4. b3 Bg7 5. Bb2 d6 6. Bg2 0-0 7. 0-0 Qe8 8. Nbd2 Nc6 9. Nc4 e6 10. a4 Ne4 11. Ncd2 Nxd2 12. Qxd2 e5 13. dxe5 dxe5 14. e4 f4 15. b4 Bg4 16. b5 Rd8 17. Qc3 Bxf3 18. Bxf3 Nd4 19. Qc4+ Qe6 20. Qxe6+ Nxe6 21. Be2 Ng5 22. Bc4+ Kh8 23. Bd5 Rb8 24. h4 Nf7 25. Ba3 Nd6 26. Rad1 Rfd8 27. g4 h6 28. f3 Bf6 29. h5 gxh5 30. gxh5 Rd7 31. Rf2 Rg7+ 32. Rg2 Ne8 33. Rxg7 Nxg7 34. Bf7 Rd8 35. Rxd8+ Bxd8 36. Bc5 b6 37. Bf8 Bh4 38. Kf1 Bg5 39. Ke2 Nxh5 40. Bxh5 Kg8 41. Bb4 Kg7 42. Bc3 Kf6 43. Kd3 1-0

[Event "Salsomaggiore Terme op"]
[Site "Salsomaggiore Terme"]
[Date "2000.??.??"]
[Round "4"]
[White "Pernigotti, Carlo"]
[Black "Mione, Dario"]
[Result "1/2-1/2"]
[WhiteElo "2203"]
[BlackElo "2290"]
[PlyCount "44"]
[EventDate "2000.??.??"]
[EventType "swiss"]
[EventRounds "6"]
[EventCountry "ITA"]
[SourceTitle "EXT 2001"]
[Source "ChessBase"]
[SourceDate "2000.11.22"]
[SourceVersion "1"]
[SourceVersionDate "2000.11.22"]
[SourceQuality "1"]

1. e4 e6 2. d4 d5 3. Nd2 c5 4. exd5 Qxd5 5. Ngf3 cxd4 6. Bc4 Qd6 7. 0-0 Nf6 8. Nb3 Nc6 9. Nbxd4 Nxd4 10. Nxd4 a6 11. a4 Qc7 12. Qe2 Bd6 13. h3 0-0 14. Bg5 Nd7 15. Bxe6 Re8 16. Bxf7+ Kxf7 17. Qh5+ Kf8 18. Qxh7 Nf6 19. Bxf6 gxf6 20. Qh8+ Kf7 21. Qh7+ Kf8 22. Qh8+ Kf7 1/2-1/2

[Event "Genova op 3th"]
[Site "Genova"]
[Date "1999.??.??"]
[Round "4"]
[White "Ardelean, George Catalin"]
[Black "Pernigotti, Carlo"]
[Result "1-0"]
[WhiteElo "2370"]
[BlackElo "2200"]
[PlyCount "83"]
[EventDate "1999.??.??"]
[EventType "swiss"]
[EventRounds "11"]
[EventCountry "ITA"]
[SourceTitle "EXT 2000"]
[Source "ChessBase"]
[SourceDate "1999.11.16"]
[SourceVersion "1"]
[SourceVersionDate "1999.11.16"]
[SourceQuality "1"]

1. e4 c5 2. Nf3 e6 3. d4 cxd4 4. Nxd4 Nc6 5. Nc3 a6 6. Be2 Qc7 7. 0-0 Nf6 8. Kh1 Bb4 9. Nxc6 bxc6 10. f4 d5 11. e5 Bxc3 12. bxc3 Ne4 13. Bd3 Nxc3 14. Qe1 d4 15. Bb2 c5 16. Bxc3 dxc3 17. Qxc3 0-0 18. Rae1 g6 19. Rf3 Rd8 20. Rh3 Bb7 21. f5 exf5 22. e6 fxe6 23. Rxe6 Qf7 24. Rxg6+ Qxg6 25. Rg3 Rd7 26. Qf6 Rg7 27. Rxg6 hxg6 28. Bc4+ Kh8 29. Qh4+ Rh7 30. Qf6+ Rg7 31. Qh4+ Rh7 32. Qf6+ Rg7 33. Qg5 Be4 34. c3 Rb8 35. h3 a5 36. Kh2 Rc8 37. Kg3 Rb8 38. Kf4 Rc8 39. g3 Rb8 40. Qh4+ Rh7 41. Qf6+ Rg7 42. Kg5 1-0